|
|
|
|
| LEADER |
00000nab a2200000 ar4500 |
| 001 |
vtls008422431 |
| 003 |
SK-MaSNL |
| 005 |
20260426104907.0 |
| 008 |
060105c2004 xo |||||||| 0|| b|slo |
| 015 |
|
|
|a SNBRA2006/01
|2 snkbucl
|
| 038 |
|
|
|a SNKBUCL
|
| 040 |
|
|
|a SNKBUCL
|b slo
|c SNKBUCL
|e AACR2
|
| 041 |
0 |
|
|a slo
|
| 044 |
|
|
|a xo
|c SK
|
| 080 |
|
|
|a 904:737.1
|x (437.6)
|2 1997
|
| 080 |
|
|
|a 737.1
|x (437.6)
|2 1997
|
| 100 |
1 |
|
|a Panis, Branislav,
|d 1974-
|4 aut
|9 18968
|
| 245 |
1 |
0 |
|a Nové nálezy mincí z Bratislavy-Rusoviec
|c Branislav Panis
|
| 650 |
0 |
7 |
|a mince
|2 snkbucl
|9 2305
|
| 650 |
0 |
7 |
|a rímske mince
|2 snkbucl
|9 3058
|
| 650 |
0 |
7 |
|a uhorské mince
|2 snkbucl
|9 961450
|
| 650 |
0 |
7 |
|a keltské mince
|2 snkbucl
|9 54575
|
| 650 |
0 |
7 |
|a archeologické nálezy
|2 snkbucl
|9 4975
|
| 651 |
|
7 |
|a Bratislava (Slovensko)
|2 snkbucl
|9 14568
|
| 651 |
|
7 |
|a Rusovce (Bratislava V, Slovensko)
|2 snkbucl
|9 16342
|
| 773 |
0 |
|
|t Slovenská numizmatika. XVII
|d Nitra : Archeologický ústav SAV ; Spoločnosť Antona Točíka ; Národný numizmatický komitét SR, 2004
|g S. 201-203
|z 8088709768
|
| 852 |
|
|
|a SNK
|b KIS3GCP
|
| 999 |
|
|
|c 3333939
|d 3335869
|